Actors Named Chris - Statistics

General Stats
  • This quiz has been taken 96 times
  • The average score is 8 of 20
Answer Stats
Hint Answer % Correct
Thor, George Kirk Chris Hemsworth
97%
Star-Lord, Mario Chris Pratt
90%
Captain America, Johnny Storm Chris Evans
86%
King Magnifico, James T. Kirk Chris Pine
67%
Doc Brown, Judge Doom Christopher Lloyd
54%
Count Dooku, Saruman the White Christopher Lee
53%
Wednesday Addams, Amanda Chase Christina Ricci
43%
Captain von Trapp, Charles Muntz Christopher Plummer
40%
Howl, Batman Christian Bale
39%
Max Zorin, Wilbur Turnblad Christopher Walken
35%
Peter Florrick, Mr. Big Chris Noth
23%
Dick Grayson, G. Callen Chris O'Donnell
23%
Marty, Mooseblood Chris Rock
21%
Prince Humperdinck, Jack Skellington Chris Sarandon
21%
Elliot Stabler, Leo Durocher Christopher Meloni
15%
Malekith, Maurice Scott Christopher Eccleston
11%
Count Rugen, Ivan the Terrible Christopher Guest
9%
James Carter, Danny McDaniels Chris Tucker
9%
Diane Lockhart, Tanya Chesham-Leigh Christine Baranski
8%
Fishlegs Ingerman, Fogell Christopher Mintz-Plasse
7%
No matching quizzes found
Score Distribution
Percent of People with Each Score
Percentile by Number Answered
Your Score History
You have not taken this quiz